[Event "British Chess Championship 2010"]
[Site "Canterbury ENG"]
[Date "2010.07.27"]
[Round "2.34"]
[White "Tambini, Jasper"]
[Black "Rich, Mark C"]
[Result "0-1"]
[WhiteElo "1890"]
[BlackElo "2166"]
[PlyCount "172"]
[EventDate "2010.07.27"]
[EventType "swiss"]
[EventRounds "11"]
[EventCountry "ENG"]
[Source "lmi"]
[SourceDate "2010.07.25"]

1. e4 c5 2. Nc3 a6 3. f4 b5 4. Nf3 Bb7 5. d3 e6 6. g3 d5 7. Qe2 b4 8. Nd1 Nf6
9. Nf2 Nc6 10. e5 Nd7 11. Bh3 g6 12. Be3 a5 13. Rd1 Qc7 14. O-O Be7 15. Rfe1
Ba6 16. Bc1 a4 17. Qd2 Nb6 18. Bf1 Nd4 19. Bg2 h5 20. h4 Nf5 21. Kh2 c4 22. Bf1
c3 23. bxc3 bxc3 24. Qe2 Bc5 25. Bh3 O-O-O 26. Bxf5 gxf5 27. Ng5 d4 28. a3 Bb7
29. Nfh3 Rdg8 30. Kg1 Qc6 31. Kh2 Rg7 32. Rf1 Kc7 33. Rfe1 Nc8 34. Qf2 Ne7 35.
Qe2 Ng8 36. Rf1 Nh6 37. Nf3 Ng4+ 38. Kg2 Kd7 39. Nhg5 Qd5 40. Rde1 Bc6 41. Kh3
Rb8 42. Qg2 Ke7 43. Qg1 Rd8 44. Re2 Rd7 45. Rfe1 Rb7 46. Rf1 Kf8 47. Ree1 Kg8
48. Re2 Kh8 49. Ree1 Rg8 50. Re2 Kg7 51. Ree1 Rd8 52. Re2 Qa2 53. Rfe1 Rbd7 54.
Rf1 Bxa3 55. Bxa3 Qxa3 56. Ra1 Qc5 57. Qb1 Rb7 58. Qa2 Rb2 59. Qa3 Qxa3 60.
Rxa3 Bb5 61. Ne1 Rb1 62. Ngf3 Bc6 63. Kg2 Ne3+ 64. Kf2 Kf8 65. Ra2 Ke7 66. Ra3
Rb4 67. Kg1 Ng4 68. Kg2 Kd7 69. Kg1 Kc7 70. Ng5 Rd7 71. Nh7 Rb1 72. Nf6 Nxf6
73. exf6 Kb6 74. Re5 Rd5 75. Kf2 Rxe5 76. fxe5 Ka5 77. Nf3 Bxf3 78. Kxf3 Kb4
79. Ra2 Rb2 80. Ra1 Rxc2 81. Kf4 Rg2 82. Rb1+ Ka3 83. Rb7 c2 84. Rc7 Kb2 85.
Rxf7 c1=Q+ 86. Kf3 Qf1# 0-1

[Event "British Chess Championship 2010"]
[Site "Canterbury ENG"]
[Date "2010.07.27"]
[Round "2.35"]
[White "Jaunooby, Ali R"]
[Black "McCullough, Simon L"]
[Result "1-0"]
[WhiteElo "2155"]
[BlackElo "2030"]
[PlyCount "91"]
[EventDate "2010.07.27"]
[EventType "swiss"]
[EventRounds "11"]
[EventCountry "ENG"]
[Source "lmi"]
[SourceDate "2010.07.25"]

1. d4 d5 2. Nf3 Nf6 3. Bg5 e6 4. e3 Be7 5. Nbd2 Nbd7 6. Bd3 O-O 7. c3 b6 8. Qc2
h6 9. Bh4 Bb7 10. Rg1 c5 11. g4 c4 12. Be2 Ne4 13. Bxe7 Qxe7 14. Nxe4 dxe4 15.
Nd2 b5 16. Nxe4 f5 17. gxf5 exf5 18. Ng3 Be4 19. Qd2 Rad8 20. Nh5 Rf7 21. Nf4
Qh4 22. h3 Ne5 23. Rg3 Kh7 24. O-O-O g5 25. Ne6 Rd6 26. Nc5 Rc7 27. Qe1 Nd3+
28. Bxd3 Bxd3 29. Nxd3 cxd3 30. Qd2 b4 31. Qxd3 bxc3 32. Qxf5+ Kg8 33. Rd3
cxb2+ 34. Kxb2 Qh5 35. Rf3 Qe8 36. e4 Re6 37. Qd5 Rd7 38. Qc4 Kh7 39. e5 Rde7
40. Rb3 a5 41. Rb5 a4 42. Qxa4 Qh5 43. Qc2+ Kg7 44. Qf5 Qe8 45. Rfb3 Qc8 46. d5
1-0

[Event "British Chess Championship 2010"]
[Site "Canterbury ENG"]
[Date "2010.07.27"]
[Round "2.36"]
[White "Goodger, Martyn"]
[Black "Combie, Alex B"]
[Result "1/2-1/2"]
[WhiteElo "2123"]
[BlackElo "2018"]
[PlyCount "149"]
[EventDate "2010.07.27"]
[EventType "swiss"]
[EventRounds "11"]
[EventCountry "ENG"]
[Source "lmi"]
[SourceDate "2010.07.25"]

1. e4 c5 2. Nf3 d6 3. Bb5+ Nd7 4. c3 Ngf6 5. Qe2 a6 6. Ba4 b5 7. Bc2 e5 8. O-O
g6 9. d4 Bg7 10. Rd1 Qc7 11. a4 bxa4 12. Bxa4 O-O 13. d5 Nb6 14. Bc2 c4 15.
Nbd2 Bd7 16. Nf1 Bb5 17. Ne3 Nfd7 18. Ng4 Nc5 19. Ne1 Nb3 20. Rb1 Nxc1 21.
Rbxc1 Ba4 22. Bxa4 Nxa4 23. Ra1 Nb6 24. Ra5 f5 25. exf5 gxf5 26. Ne3 e4 27. Qh5
f4 28. Nf5 Qd7 29. Nxg7 Qxg7 30. Rd4 Qe7 31. Qe2 e3 32. fxe3 Qxe3+ 33. Qxe3
fxe3 34. Re4 Rf5 35. Rxe3 Rxd5 36. Rxd5 Nxd5 37. Re6 Rd8 38. Nf3 Nf4 39. Re4
Nd3 40. Rg4+ Kf8 41. Rxc4 Nxb2 42. Rc7 Ra8 43. Rxh7 Kg8 44. Rb7 Nd1 45. Rb3 a5
46. Nd4 a4 47. Ra3 Ne3 48. Kf2 Nc4 49. Ra1 a3 50. Nc2 Kf7 51. g4 Ke6 52. h4 Kd5
53. Ke2 Ke4 54. g5 Kf5 55. Rf1+ Kg6 56. Kd3 Ne5+ 57. Kd4 Kh5 58. Kd5 Kxh4 59.
Kxd6 Nc4+ 60. Kc5 Nd2 61. Rg1 Nf3 62. Ra1 Nxg5 63. Nxa3 Kg4 64. Rg1+ Kf5 65.
Rf1+ Ke6 66. Re1+ Kd7 67. Nb5 Rc8+ 68. Kd5 Nf7 69. c4 Nd8 70. Rh1 Nc6 71. c5
Nb4+ 72. Kc4 Na6 73. Rh7+ Kd8 74. Rh8+ Kd7 75. Rxc8 1/2-1/2

[Event "British Chess Championship 2010"]
[Site "Canterbury ENG"]
[Date "2010.07.27"]
[Round "2.38"]
[White "Mayhew, Andrew"]
[Black "Van Kemenade, Rudy"]
[Result "0-1"]
[WhiteElo "2085"]
[BlackElo "1995"]
[PlyCount "60"]
[EventDate "2010.07.27"]
[EventType "swiss"]
[EventRounds "11"]
[EventCountry "ENG"]
[Source "lmi"]
[SourceDate "2010.07.25"]

1. e4 e5 2. Nc3 Nf6 3. g3 Bc5 4. Bg2 h5 5. Na4 Be7 6. d4 d6 7. Bg5 exd4 8. Qxd4
Nc6 9. Qd3 Ng4 10. Bxe7 Qxe7 11. h3 Nge5 12. Qe2 h4 13. f4 Ng6 14. Nc3 hxg3 15.
Nd5 Qd8 16. O-O-O Nce7 17. f5 Ne5 18. Ne3 Bd7 19. Nf3 N7c6 20. h4 Nxf3 21. Qxf3
Ne5 22. Qxg3 Kf8 23. Kb1 Bc6 24. h5 Qf6 25. Rh4 Re8 26. Rg1 Ke7 27. Bf1 Nf3 28.
Qxf3 Qxh4 29. f6+ Qxf6 30. Nf5+ Kd8 0-1

[Event "British Chess Championship 2010"]
[Site "Canterbury ENG"]
[Date "2010.07.27"]
[Round "2.39"]
[White "Fegan, Chris"]
[Black "Sathyanandha, Saravanan"]
[Result "0-1"]
[WhiteElo "2051"]
[BlackElo "1986"]
[PlyCount "108"]
[EventDate "2010.07.27"]
[EventType "swiss"]
[EventRounds "11"]
[EventCountry "ENG"]
[Source "lmi"]
[SourceDate "2010.07.25"]

1. e4 e6 2. Qe2 c5 3. Nf3 Nc6 4. g3 d6 5. Bg2 g6 6. O-O Bg7 7. c3 Nge7 8. Rd1
e5 9. Na3 O-O 10. Nc2 f5 11. Qc4+ Kh8 12. Ng5 Qe8 13. exf5 Nxf5 14. Bd5 Na5 15.
Nf7+ Qxf7 16. Bxf7 Nxc4 17. Bxc4 Bd7 18. Bd5 Bc6 19. Ne3 Ne7 20. Bxc6 bxc6 21.
d3 d5 22. Ng4 Nf5 23. f4 e4 24. dxe4 dxe4 25. Re1 Rae8 26. Be3 Nd4 27. cxd4
cxd4 28. Bd2 h5 29. Ne5 Bxe5 30. fxe5 Rxe5 31. Bf4 Re6 32. Rac1 Rd8 33. b4 e3
34. Kf1 Kg7 35. Rcd1 Rd5 36. h4 Kf6 37. Ke2 Kf5 38. Kd3 Kg4 39. Re2 a5 40. a3
Re7 41. Rc1 axb4 42. axb4 Rb7 43. Rb2 Kf3 44. Rxc6 Ra7 45. b5 Ra3+ 46. Kc4 Rd7
47. Re6 g5 48. Bxg5 Kxg3 49. b6 Rc3+ 50. Kb4 Rc8 51. Be7 Kg4 52. Ra2 d3 53. Ra1
d2 54. Rxe3 Rc1 0-1

[Event "British Chess Championship 2010"]
[Site "Canterbury ENG"]
[Date "2010.07.28"]
[Round "3.2"]
[White "Rudd, Jack"]
[Black "Williams, Simon K"]
[Result "1-0"]
[WhiteElo "2236"]
[BlackElo "2511"]
[PlyCount "93"]
[EventDate "2010.07.27"]
[EventType "swiss"]
[EventRounds "11"]
[EventCountry "ENG"]
[Source "lmi"]
[SourceDate "2010.07.25"]

1. e4 g6 2. d4 Bg7 3. c4 d6 4. Nc3 Nf6 5. Nf3 O-O 6. Be2 e5 7. O-O Nc6 8. d5
Ne7 9. Ne1 Nd7 10. Be3 f5 11. f3 f4 12. Bf2 g5 13. a4 Rf6 14. a5 a6 15. Nd3 Rh6
16. Qc2 Qe8 17. Rfc1 Nf6 18. h3 Qh5 19. Kf1 Bxh3 20. gxh3 Qxh3+ 21. Ke1 g4 22.
Kd2 g3 23. Bg1 c6 24. Qb3 Qd7 25. c5 cxd5 26. cxd6 Nc6 27. Nxd5 Nxd5 28. exd5
Nd8 29. Nc5 Qxd6 30. Ne4 Qd7 31. Bb6 Nc6 32. Rh1 Rxh1 33. Rxh1 Nd8 34. d6+ Kh8
35. Bd3 h6 36. Nf6 Qf7 37. Qxf7 Nxf7 38. Ne4 Bf8 39. d7 Kg7 40. Rh4 Be7 41.
Rg4+ Kf8 42. Nc5 Ng5 43. Rxg5 hxg5 44. Nxb7 g2 45. Ke2 Rb8 46. Be4 Bd8 47. Kf2
1-0

[Event "British Chess Championship 2010"]
[Site "Canterbury ENG"]
[Date "2010.07.28"]
[Round "3.3"]
[White "Pert, Nicholas"]
[Black "Gormally, Daniel W"]
[Result "1/2-1/2"]
[WhiteElo "2551"]
[BlackElo "2480"]
[PlyCount "41"]
[EventDate "2010.07.27"]
[EventType "swiss"]
[EventRounds "11"]
[EventCountry "ENG"]
[Source "lmi"]
[SourceDate "2010.07.25"]

1. d4 d5 2. Nf3 Nf6 3. c4 c6 4. e3 e6 5. Nbd2 Nbd7 6. Bd3 Bd6 7. O-O O-O 8. e4
dxe4 9. Nxe4 Nxe4 10. Bxe4 h6 11. Bc2 e5 12. Re1 Bb4 13. Bd2 Bxd2 14. Qxd2 exd4
15. Qxd4 Nf6 16. Qc3 Bg4 17. Ne5 Qc7 18. Re3 Rad8 19. Rae1 Be6 20. Rf3 Qd6 21.
Rd3 1/2-1/2

[Event "British Chess Championship 2010"]
[Site "Canterbury ENG"]
[Date "2010.07.28"]
[Round "3.4"]
[White "Gordon, Stephen J"]
[Black "Rendle, Thomas E"]
[Result "0-1"]
[WhiteElo "2534"]
[BlackElo "2391"]
[PlyCount "76"]
[EventDate "2010.07.27"]
[EventType "swiss"]
[EventRounds "11"]
[EventCountry "ENG"]
[Source "lmi"]
[SourceDate "2010.07.25"]

1. d4 f5 2. g3 Nf6 3. Bg2 g6 4. Nf3 Bg7 5. O-O O-O 6. b3 d6 7. Bb2 Qe8 8. c4
Na6 9. Qc2 c6 10. Nbd2 h6 11. Rfe1 g5 12. e4 fxe4 13. Nxe4 Qg6 14. Nxf6+ Qxf6
15. Re3 Bf5 16. Qc3 e6 17. Rf1 Rad8 18. Qa5 Qf7 19. Bc3 Rd7 20. Nd2 d5 21. Nf3
g4 22. Ne5 Bxe5 23. Rxe5 Bd3 24. f4 Bxf1 25. Bxf1 Qg6 26. Bb2 Qc2 27. Re2 Qb1
28. Qc3 Nc7 29. Rc2 Ne8 30. Kg2 Nd6 31. Bd3 Ne4 32. Bxe4 dxe4 33. Re2 e5 34. d5
Qd3 35. Qxe5 Qxe2+ 36. Kg1 Qe1+ 37. Kg2 Qe2+ 38. Kg1 Kh7 0-1

[Event "British Chess Championship 2010"]
[Site "Canterbury ENG"]
[Date "2010.07.28"]
[Round "3.5"]
[White "Conquest, Stuart C"]
[Black "Tymrakiewicz, Rafal"]
[Result "1-0"]
[WhiteElo "2523"]
[BlackElo "2301"]
[PlyCount "72"]
[EventDate "2010.07.27"]
[EventType "swiss"]
[EventRounds "11"]
[EventCountry "ENG"]
[Source "lmi"]
[SourceDate "2010.07.25"]

1. e4 Nf6 2. e5 Nd5 3. d4 d6 4. Be2 dxe5 5. dxe5 Nc6 6. Nf3 Bf5 7. c3 e6 8. O-O
Be7 9. Bb5 Bg4 10. Nbd2 O-O 11. Re1 Bh5 12. Bxc6 bxc6 13. Ne4 Rb8 14. Qe2 c5
15. a3 Qe8 16. b4 Nb6 17. Be3 Na4 18. Rac1 Qc6 19. Bg5 Bxg5 20. Nexg5 Rfd8 21.
Nd4 cxd4 22. Qxh5 Nxc3 23. Qxh7+ Kf8 24. Qh5 Qe8 25. Qh8+ Ke7 26. Qxg7 Nd5 27.
Red1 Qg8 28. Qh6 Nc3 29. Qf6+ Ke8 30. Rd2 Nd5 31. Qh6 a5 32. Rxd4 axb4 33. axb4
Rxb4 34. Rxb4 Nxb4 35. Ne4 Nd5 36. Rxc7 Qf8 1-0

[Event "British Chess Championship 2010"]
[Site "Canterbury ENG"]
[Date "2010.07.28"]
[Round "3.6"]
[White "Wells, Peter K"]
[Black "Dorrington, Chris J"]
[Result "1-0"]
[WhiteElo "2488"]
[BlackElo "2255"]
[PlyCount "45"]
[EventDate "2010.07.27"]
[EventType "swiss"]
[EventRounds "11"]
[EventCountry "ENG"]
[Source "lmi"]
[SourceDate "2010.07.25"]

1. d4 Nf6 2. c4 e6 3. Nf3 c5 4. Nc3 cxd4 5. Nxd4 a6 6. g3 Qc7 7. Bg2 Qxc4 8.
O-O d5 9. Bg5 Nbd7 10. Rc1 Qb4 11. e4 dxe4 12. Nxe4 Nxe4 13. Bxe4 Be7 14. Bxe7
Qxe7 15. Qc2 Nf6 16. Nf5 Qb4 17. Bc6+ Kf8 18. Qd3 Ne8 19. Rc4 Qa5 20. Bxe8 exf5
21. Qd6+ Kg8 22. b4 Qxa2 23. Bxf7+ 1-0

[Event "British Chess Championship 2010"]
[Site "Canterbury ENG"]
[Date "2010.07.28"]
[Round "3.7"]
[White "Constantinou, Peter"]
[Black "Houska, Jovanka"]
[Result "1/2-1/2"]
[WhiteElo "2302"]
[BlackElo "2433"]
[PlyCount "101"]
[EventDate "2010.07.27"]
[EventType "swiss"]
[EventRounds "11"]
[EventCountry "ENG"]
[Source "lmi"]
[SourceDate "2010.07.25"]

1. d4 Nf6 2. Nf3 d5 3. c3 c6 4. Bf4 Bf5 5. e3 e6 6. Be2 Be7 7. Ne5 Nbd7 8. Nd2
Nxe5 9. Bxe5 Qb6 10. Qb3 O-O 11. O-O Nd7 12. Bg3 c5 13. Bf3 Bg6 14. Rfd1 c4 15.
Qa4 Qd8 16. b3 Nb6 17. Qa5 Bd3 18. Re1 Qd7 19. Be2 Bxe2 20. Rxe2 Rfc8 21. Rc1
h6 22. Nf3 Bd8 23. Rec2 f6 24. Re1 Qe7 25. Rcc1 Rc6 26. b4 Qd7 27. Qa3 a5 28.
bxa5 Be7 29. Qb2 Rxa5 30. Rb1 Bf8 31. h4 Ra7 32. Qc2 Ra3 33. Rec1 Na4 34. Qd2
Ra6 35. Rc2 Rb6 36. Rbc1 Rb5 37. Kh2 Ra5 38. Rb1 Qc6 39. Ng1 b5 40. Ne2 Nb6 41.
Nc1 Nc8 42. Qe1 R3a4 43. f3 Ba3 44. Ne2 Bd6 45. Nc1 h5 46. Bxd6 Nxd6 47. Kg1
Ra3 48. Rbb2 Ra8 49. Re2 Qd7 50. Rec2 Qc6 51. Ne2 1/2-1/2

[Event "British Chess Championship 2010"]
[Site "Canterbury ENG"]
[Date "2010.07.28"]
[Round "3.10"]
[White "Greet, Andrew N"]
[Black "Hunt, Adam C"]
[Result "0-1"]
[WhiteElo "2451"]
[BlackElo "2408"]
[PlyCount "66"]
[EventDate "2010.07.27"]
[EventType "swiss"]
[EventRounds "11"]
[EventCountry "ENG"]
[Source "lmi"]
[SourceDate "2010.07.25"]

1. d4 Nf6 2. c4 g6 3. Nc3 Bg7 4. e4 d6 5. g3 O-O 6. Bg2 c5 7. dxc5 dxc5 8. Qxd8
Rxd8 9. e5 Nfd7 10. f4 Nc6 11. Bxc6 bxc6 12. Be3 f6 13. O-O-O fxe5 14. Nge2 Re8
15. Ne4 exf4 16. Bxf4 a5 17. a4 Ra7 18. b3 Rb7 19. Rxd7 Rxd7 20. Nxc5 e5 21.
Be3 Rf7 22. Re1 Rf3 23. Bg1 Rd8 24. Kb2 Rd2+ 25. Ka3 Bf5 26. g4 Bd3 27. Nc1
Bxc4 28. Be3 Rxh2 29. bxc4 Rhh3 30. N1b3 Rxe3 31. Rxe3 Rxe3 32. Nb7 h5 33. gxh5
gxh5 0-1

[Event "British Chess Championship 2010"]
[Site "Canterbury ENG"]
[Date "2010.07.28"]
[Round "3.11"]
[White "Galliano, Alexander"]
[Black "Bates, Richard A"]
[Result "1/2-1/2"]
[WhiteElo "2085"]
[BlackElo "2382"]
[PlyCount "81"]
[EventDate "2010.07.27"]
[EventType "swiss"]
[EventRounds "11"]
[EventCountry "ENG"]
[Source "lmi"]
[SourceDate "2010.07.25"]

1. e4 c5 2. c3 d6 3. d4 Nf6 4. Bd3 Nc6 5. Nf3 e5 6. d5 Ne7 7. Bg5 Ng6 8. Bb5+
Bd7 9. Bxf6 gxf6 10. a4 Bxb5 11. axb5 Qd7 12. b6 a6 13. Nbd2 f5 14. exf5 Qxf5
15. Qa4+ Qd7 16. Qxd7+ Kxd7 17. g3 Bh6 18. Nc4 e4 19. Nfd2 f5 20. f4 exf3 21.
Nxf3 Rae8+ 22. Kf2 Re4 23. b3 Rhe8 24. Rhe1 Bg7 25. Rac1 Bf6 26. Rxe4 fxe4 27.
Nfd2 Bg5 28. Re1 e3+ 29. Nxe3 Ne5 30. Re2 Nd3+ 31. Kf3 Ne5+ 32. Kf2 Bxe3+ 33.
Kxe3 Nc4+ 34. Kf3 Rxe2 35. Kxe2 Nxb6 36. c4 Ke7 37. Ke3 Nd7 38. Kf4 Ne5 39. h4
b5 40. cxb5 axb5 41. g4 1/2-1/2

[Event "British Chess Championship 2010"]
[Site "Canterbury ENG"]
[Date "2010.07.28"]
[Round "3.12"]
[White "Makepeace, Philip J"]
[Black "Baker, Chris W"]
[Result "1/2-1/2"]
[WhiteElo "2074"]
[BlackElo "2307"]
[PlyCount "42"]
[EventDate "2010.07.27"]
[EventType "swiss"]
[EventRounds "11"]
[EventCountry "ENG"]
[Source "lmi"]
[SourceDate "2010.07.25"]

1. e4 e5 2. Nf3 Nc6 3. d4 exd4 4. Nxd4 Qh4 5. Nc3 Bb4 6. Ndb5 Ba5 7. Be3 Nf6 8.
Bd3 Ng4 9. Qe2 Nxe3 10. Qxe3 a6 11. Nd4 Bb6 12. Nf5 Bxe3 13. Nxh4 Bd4 14. Nd5
Kd8 15. c3 Ba7 16. Nf5 d6 17. g4 g6 18. Nh6 Be6 19. Nf4 Kd7 20. O-O Ne5 21. Be2
Rhf8 1/2-1/2

[Event "British Chess Championship 2010"]
[Site "Canterbury ENG"]
[Date "2010.07.28"]
[Round "3.13"]
[White "Summerscale, Aaron P"]
[Black "Pleasants, Allan J"]
[Result "1-0"]
[WhiteElo "2428"]
[BlackElo "2032"]
[PlyCount "117"]
[EventDate "2010.07.27"]
[EventType "swiss"]
[EventRounds "11"]
[EventCountry "ENG"]
[Source "lmi"]
[SourceDate "2010.07.25"]

1. c4 Nf6 2. Nc3 b6 3. d4 Bb7 4. f3 e6 5. e4 d6 6. Be3 Nbd7 7. Nh3 Be7 8. Nf2
O-O 9. Be2 a6 10. Qc2 c5 11. d5 Qc7 12. O-O Rfe8 13. Rad1 Bf8 14. Qc1 exd5 15.
exd5 g6 16. Bh6 Bg7 17. Bxg7 Kxg7 18. f4 Re7 19. a4 Rae8 20. Bd3 Bc8 21. Qd2
Qd8 22. Ra1 Nf8 23. Ra3 Bf5 24. Bxf5 gxf5 25. Nh1 Ng6 26. Ng3 Nh4 27. Qf2 Re3
28. h3 Qe7 29. Kh2 Kh8 30. Rg1 Rg8 31. Nf1 Rd3 32. Qc2 Rd4 33. Ne2 Re4 34. Nfg3
Re3 35. Rc3 Re8 36. Re1 Kg8 37. Kg1 Rxc3 38. Qxc3 Qe3+ 39. Kf1 Qxc3 40. bxc3
Ne4 41. Nxe4 fxe4 42. Rb1 Rb8 43. Kf2 f5 44. g4 Kf7 45. Ng3 Re8 46. Nxf5 Nxf5
47. gxf5 Kf6 48. Rxb6 Kxf5 49. Rxd6 Kxf4 50. Rxa6 Rb8 51. Rf6+ Ke5 52. Rh6 Rb3
53. d6 Rxc3 54. d7 Rf3+ 55. Ke2 Rd3 56. Rh5+ Ke6 57. Rd5 Rxd5 58. cxd5+ Kxd7
59. a5 1-0

[Event "British Chess Championship 2010"]
[Site "Canterbury ENG"]
[Date "2010.07.28"]
[Round "3.14"]
[White "Arkell, Keith C"]
[Black "Jackson, James P"]
[Result "1-0"]
[WhiteElo "2465"]
[BlackElo "2135"]
[PlyCount "119"]
[EventDate "2010.07.27"]
[EventType "swiss"]
[EventRounds "11"]
[EventCountry "ENG"]
[Source "lmi"]
[SourceDate "2010.07.25"]

1. d4 Nf6 2. Nf3 e6 3. c4 Nc6 4. Nc3 Bb4 5. Bd2 O-O 6. e3 d6 7. d5 Ne7 8. a3
Bxc3 9. Bxc3 e5 10. b3 b5 11. Nd2 bxc4 12. bxc4 Bf5 13. Be2 Nd7 14. e4 Bg6 15.
O-O Nc5 16. f4 exf4 17. Rxf4 f6 18. Bb4 Nd7 19. Nb3 Bf7 20. Qd2 Ng6 21. Rf2 Re8
22. Bd3 Nge5 23. Bf1 Bg6 24. Re1 Nf7 25. Qf4 Ng5 26. Rfe2 Qe7 27. h4 Nf7 28.
Nd4 Nfe5 29. Re3 a5 30. Bd2 Nc5 31. Nf5 Qd7 32. g4 Kh8 33. h5 Bxf5 34. gxf5 h6
35. Rb1 Qa4 36. Bc3 Kh7 37. Qg3 Re7 38. Bd4 Rae8 39. Bxc5 dxc5 40. Rc3 Kh8 41.
Qg2 Nf7 42. Bd3 Ng5 43. Bc2 Qd7 44. Re3 Re5 45. Qg4 Qd6 46. Rb5 R5e7 47. Qg3
Kg8 48. Rxa5 Nxe4 49. Qxd6 cxd6 50. Ba4 Rd8 51. Bc6 Kf7 52. a4 Nd2 53. Rxe7+
Kxe7 54. Ra7+ Kf8 55. Bb5 Nf3+ 56. Kf2 Nd4 57. a5 Rb8 58. a6 Nxb5 59. cxb5 Rxb5
60. Rb7 1-0

[Event "British Chess Championship 2010"]
[Site "Canterbury ENG"]
[Date "2010.07.28"]
[Round "3.15"]
[White "Mackle, Dominic"]
[Black "McMichael, Richard J"]
[Result "0-1"]
[WhiteElo "2021"]
[BlackElo "2287"]
[PlyCount "72"]
[EventDate "2010.07.27"]
[EventType "swiss"]
[EventRounds "11"]
[EventCountry "ENG"]
[Source "lmi"]
[SourceDate "2010.07.25"]

1. d4 e6 2. c4 f5 3. g3 Nf6 4. Bg2 d5 5. Nh3 c6 6. O-O Bd6 7. Bf4 Be7 8. Nd2
O-O 9. Qc2 Nh5 10. Bxb8 Rxb8 11. e3 Bd7 12. Nf4 Qe8 13. Nd3 Bd6 14. Nf3 Rf6 15.
Nfe5 Rh6 16. f4 Nf6 17. Bf3 Ne4 18. Bxe4 fxe4 19. Nf2 Bxe5 20. fxe5 Qh5 21. Nd1
Be8 22. Nc3 Bg6 23. cxd5 exd5 24. Rf4 Bf5 25. Raf1 Bg4 26. R1f2 Bf3 27. Qb3 Qg6
28. Ne2 Qe6 29. Qa3 a6 30. Qa5 g5 31. Rf6 Rxf6 32. exf6 Rf8 33. Qc7 Rxf6 34.
Qb8+ Rf8 35. Qxb7 Bxe2 36. Rxe2 Qf6 0-1

[Event "British Chess Championship 2010"]
[Site "Canterbury ENG"]
[Date "2010.07.28"]
[Round "3.16"]
[White "Littlewood, Paul E"]
[Black "Josse, Mark"]
[Result "1-0"]
[WhiteElo "2361"]
[BlackElo "2128"]
[PlyCount "113"]
[EventDate "2010.07.27"]
[EventType "swiss"]
[EventRounds "11"]
[EventCountry "ENG"]
[Source "lmi"]
[SourceDate "2010.07.25"]

1. d4 d5 2. c4 c6 3. Nf3 Nf6 4. Nc3 dxc4 5. a4 Bf5 6. e3 e6 7. Bxc4 Bb4 8. O-O
O-O 9. Qe2 Bg6 10. Ne5 Nbd7 11. Nxg6 hxg6 12. f4 Qa5 13. e4 Nb6 14. Bd3 Bxc3
15. bxc3 Qxc3 16. Be3 Qb4 17. a5 Nc8 18. Rfc1 Re8 19. Rc5 Nd7 20. Rb1 Qa3 21.
Rc2 Qxa5 22. Rxb7 Ndb6 23. Rxc6 Re7 24. Ba6 Rxb7 25. Bxb7 Rb8 26. Ba6 Ne7 27.
Rc1 Na4 28. Bd3 Rb2 29. Bc2 Qc3 30. Qd2 Qa3 31. Bf2 Nb6 32. Qd3 Qa2 33. Qc3
Nec8 34. d5 exd5 35. Bd4 Rb5 36. Bxg7 Qc4 37. Qxc4 Nxc4 38. Bd4 dxe4 39. Bxe4
N8d6 40. Bc6 Ra5 41. Rb1 Nb6 42. g4 Ra2 43. Rd1 Ndc4 44. Bf6 Rd2 45. Re1 Nd6
46. Re3 Rd1+ 47. Kf2 Rd2+ 48. Kg1 Rd1+ 49. Kg2 Rd2+ 50. Kf1 Rxh2 51. Rd3 Nbc4
52. Bb5 Rh1+ 53. Kg2 Rd1 54. Rh3 Rd2+ 55. Kf1 Rd1+ 56. Ke2 Rd2+ 57. Ke1 1-0

[Event "British Chess Championship 2010"]
[Site "Canterbury ENG"]
[Date "2010.07.28"]
[Round "3.17"]
[White "Griffiths, Ryan Rhys"]
[Black "Ball, Laurence"]
[Result "1-0"]
[WhiteElo "2249"]
[BlackElo "2106"]
[PlyCount "83"]
[EventDate "2010.07.27"]
[EventType "swiss"]
[EventRounds "11"]
[EventCountry "ENG"]
[Source "lmi"]
[SourceDate "2010.07.25"]

1. e4 e5 2. Nf3 d6 3. d4 exd4 4. Nxd4 g6 5. Nc3 Bg7 6. Be3 Nf6 7. f3 O-O 8. Qd2
d5 9. e5 Nh5 10. g4 c5 11. Ndb5 a6 12. gxh5 axb5 13. Bxc5 Re8 14. O-O-O Bxe5
15. hxg6 hxg6 16. Bxb5 Nc6 17. Kb1 Qh4 18. a4 Be6 19. Rhe1 Bf4 20. Qf2 Qh3 21.
Ne2 Be5 22. f4 Bg7 23. Nd4 Bg4 24. Rxe8+ Rxe8 25. Rd3 Qh5 26. Bxc6 bxc6 27. a5
Bxd4 28. Qxd4 Be2 29. Re3 Ra8 30. Qe5 Qxe5 31. Rxe5 Bb5 32. b4 Rc8 33. Re7 Ra8
34. Kb2 Bf1 35. Kc3 Kg7 36. Bd6 Kf6 37. Kd4 Bb5 38. Kc5 Ba4 39. c3 Bb5 40. Kb6
Rd8 41. Kc7 Rg8 42. Kb7 1-0

[Event "British Chess Championship 2010"]
[Site "Canterbury ENG"]
[Date "2010.07.28"]
[Round "3.18"]
[White "Henderson, Ian R"]
[Black "Snape, Ian L"]
[Result "1/2-1/2"]
[WhiteElo "2108"]
[BlackElo "2233"]
[PlyCount "64"]
[EventDate "2010.07.27"]
[EventType "swiss"]
[EventRounds "11"]
[EventCountry "ENG"]
[Source "lmi"]
[SourceDate "2010.07.25"]

1. d4 Nf6 2. c4 g6 3. Nc3 Bg7 4. e4 d6 5. Be2 O-O 6. Nf3 e5 7. O-O Nc6 8. d5
Ne7 9. Ne1 Nd7 10. Be3 f5 11. f3 f4 12. Bf2 g5 13. a4 Ng6 14. a5 Kh8 15. g4
fxg3 16. hxg3 h5 17. Kg2 h4 18. g4 Nf4+ 19. Kh2 Rf7 20. Nc2 Qf8 21. Bg1 Nc5 22.
Bxc5 dxc5 23. Ne3 Bf6 24. a6 bxa6 25. Qd2 Be7 26. Bd1 Bd6 27. Ba4 Rb8 28. Rab1
Rb4 29. Bc6 Rh7 30. b3 Rg7 31. Ne2 Rb8 32. Nc3 Rf7 1/2-1/2

[Event "British Chess Championship 2010"]
[Site "Canterbury ENG"]
[Date "2010.07.28"]
[Round "3.19"]
[White "Mason, Donald J"]
[Black "Jones, Victor G L"]
[Result "1-0"]
[WhiteElo "2219"]
[BlackElo "2105"]
[PlyCount "143"]
[EventDate "2010.07.27"]
[EventType "swiss"]
[EventRounds "11"]
[EventCountry "ENG"]
[Source "lmi"]
[SourceDate "2010.07.25"]

1. d4 e6 2. Nf3 Nf6 3. c4 b6 4. g3 Ba6 5. Qc2 c5 6. d5 exd5 7. cxd5 Bb7 8. Bg2
Nxd5 9. O-O Be7 10. a3 Qc8 11. e4 Nc7 12. Nc3 O-O 13. Rd1 d6 14. Be3 Nd7 15.
Bf4 Re8 16. Bxd6 Bxd6 17. Rxd6 Ne5 18. Nxe5 Rxe5 19. Rad1 Ne6 20. Bh3 Qe8 21.
Bxe6 Rxe6 22. Rxe6 Qxe6 23. Qd3 Bc6 24. Qd6 Qxd6 25. Rxd6 Rc8 26. Kf1 Kf8 27.
Ke2 Ke7 28. e5 f6 29. Nd5+ Bxd5 30. Rxd5 fxe5 31. Rxe5+ Kf6 32. f4 Rd8 33. g4
g6 34. g5+ Kf7 35. f5 gxf5 36. Rxf5+ Ke6 37. Rf6+ Ke7 38. Rh6 Kf7 39. Rxh7+ Kg6
40. Rxa7 Kxg5 41. Rf7 Rd6 42. Rf3 Kg4 43. h3+ Kg5 44. Rd3 Re6+ 45. Kd2 Kf4 46.
Kc3 Ke4 47. Rd2 Rh6 48. Kc4 Ke5 49. Kb5 Ke4 50. h4 Ke5 51. h5 Ke4 52. Rg2 Kd4
53. Rg6 Rxh5 54. Rd6+ Ke5 55. Rxb6 Rh2 56. b3 Kd4 57. Rc6 Rb2 58. b4 cxb4 59.
axb4 Kd5 60. Rc1 Kd6 61. Ka5 Rb3 62. b5 Ra3+ 63. Kb6 Kd7 64. Kb7 Rd3 65. b6 Rd2
66. Kb8 Rb2 67. b7 Rb3 68. Rc4 Rb1 69. Rc2 Rb3 70. Ra2 Kc6 71. Ka8 Kc7 72. Rc2+
1-0